[Event "Spice Cup 2009"]
[Site "Lubbock United States"]
[Date "2009.09.20"]
[Round "2"]
[White "Kuljasevic, Davorin"]
[Black "Diamant, Andre"]
[Result "1/2-1/2"]
[WhiteElo "2547"]
[BlackElo "2526"]
[PlyCount "68"]
[EventDate "2009.09.19"]
[Source "MonRoi"]

1. d4 Nf6 2. c4 g6 3. Nf3 Bg7 4. g3 d5 5. cxd5 Nxd5 6. Bg2 Nb6 7. Nc3 Nc6 8.
Bf4 O-O 9. e3 Bg4 10. h3 Bxf3 11. Bxf3 e5 12. dxe5 Nxe5 13. Be2 Nec4 14. Qc2 g5
15. Bxc4 gxf4 16. Bd3 fxe3 17. O-O-O Qg5 18. h4 Qc5 19. Bxh7+ Kh8 20. Qf5 Qxf5
21. Bxf5 Rfe8 22. fxe3 Rxe3 23. Rd3 Rae8 24. Rhd1 Nc4 25. Rxe3 Nxe3 26. Bd7
Bxc3 27. Bxe8 Bxb2+ 28. Kd2 Nxd1 29. Kxd1 Kg7 30. Kc2 Be5 31. g4 Bg3 32. h5 f6
33. Kd3 Bf4 34. Bd7 Kh6 1/2-1/2

[Event "Spice Cup 2009"]
[Site "Lubbock United States"]
[Date "2009.09.20"]
[Round "2"]
[White "Rensch, Danniel"]
[Black "Antal, Gergely"]
[Result "0-1"]
[WhiteElo "2388"]
[BlackElo "2486"]
[PlyCount "100"]
[EventDate "2009.09.19"]
[Source "MonRoi"]

1. d4 f5 2. e4 fxe4 3. Nc3 Nf6 4. Bg5 Nc6 5. d5 Ne5 6. Qd4 Nf7 7. h4 e5 8. dxe6
dxe6 9. Qxd8+ Nxd8 10. O-O-O Bd7 11. Nge2 Nf7 12. Ng3 Nd6 13. Be2 Bc6 14. Rhe1
Be7 15. Bxf6 Bxf6 16. Bg4 Bxc3 17. bxc3 Ke7 18. c4 b6 19. f3 Raf8 20. fxe4 Nxc4
21. Rd4 Ne5 22. Bd1 Rd8 23. Rd2 Rxd2 24. Kxd2 Rf8 25. Ke3 Bb5 26. Bf3 Rd8 27.
h5 Nc4+ 28. Kf4 Rf8+ 29. Kg5 Ne5 30. Nf5+ Kf7 31. Nd4 Bc4 32. h6 c5 33. Bh5+ g6
34. Nf3 Nc6 35. Bg4 Ke7 36. Kh4 b5 37. Ng5 Ne5 38. Bf3 a5 39. a3 a4 40. Rb1 Rb8
41. Ra1 Nf7 42. Nxh7 Rh8 43. Ng5 Rxh6+ 44. Kg4 Ne5+ 45. Kf4 Kf6 46. Rd1 Rh4+
47. g4 Nxg4 48. Bxg4 Rxg4+ 49. Kxg4 Be2+ 50. Kf4 e5+ 0-1

[Event "Spice Cup 2009"]
[Site "Lubbock United States"]
[Date "2009.09.21"]
[Round "3"]
[White "Antal, Gergely"]
[Black "Perelshteyn, Eugene"]
[Result "0-1"]
[WhiteElo "2486"]
[BlackElo "2542"]
[PlyCount "98"]
[EventDate "2009.09.19"]
[Source "MonRoi"]

1. e4 Nf6 2. Nc3 d5 3. exd5 Nxd5 4. Bc4 Nb6 5. Bb3 Nc6 6. Nf3 g6 7. a4 a5 8. d4
Bg7 9. Be3 O-O 10. h3 e6 11. Qd2 e5 12. d5 Ne7 13. g4 c6 14. dxc6 Qc7 15. O-O-O
bxc6 16. Qd6 Qxd6 17. Rxd6 Nbd5 18. Nxd5 Nxd5 19. Bc5 Be6 20. c4 Nf4 21. Rxe6
Nd3+ 22. Kc2 Nxc5 23. Rd6 e4 24. Nd2 Rfc8 25. Re1 Be5 26. Nxe4 Bxd6 27. Nxd6
Rd8 28. Ne4 Nxe4 29. Rxe4 Re8 30. Rf4 c5 31. Kc3 Rad8 32. Bc2 Kg7 33. g5 Rd6
34. Be4 Rd4 35. f3 Re6 36. Rg4 h6 37. h4 h5 38. Rg3 Rd1 39. Rh3 Kf8 40. Rh2 Ke7
41. Kc2 Rg1 42. Bd5 Ree1 43. Rd2 Rh1 44. Bc6 Rxh4 45. Rd7+ Kf8 46. Kd2 Re5 47.
Be4 Rxg5 48. Ra7 Rxe4 49. fxe4 h4 0-1

[Event "Spice Cup 2009"]
[Site "Lubbock United States"]
[Date "2009.09.21"]
[Round "3"]
[White "Diamant, Andre"]
[Black "Rensch, Danniel"]
[Result "1/2-1/2"]
[WhiteElo "2526"]
[BlackElo "2388"]
[PlyCount "46"]
[EventDate "2009.09.19"]
[Source "MonRoi"]

1. e4 e5 2. Nf3 Nc6 3. Nc3 Nf6 4. Bb5 Bd6 5. O-O O-O 6. d3 a6 7. Bxc6 dxc6 8.
h3 h6 9. Ne2 Re8 10. Ng3 Bf8 11. b3 c5 12. Bb2 Nd7 13. Nh2 Nb8 14. f4 exf4 15.
Nh5 Nc6 16. Nxf4 Nd4 17. Nf3 Be6 18. Kh1 Qd7 19. Nxd4 cxd4 20. Qf3 Rad8 21. Rf2
Be7 22. Raf1 Bh4 23. Nxe6 Rxe6 1/2-1/2

[Event "Spice Cup 2009"]
[Site "Lubbock United States"]
[Date "2009.09.22"]
[Round "4"]
[White "Perelshteyn, Eugene"]
[Black "Diamant, Andre"]
[Result "1-0"]
[WhiteElo "2542"]
[BlackElo "2526"]
[PlyCount "44"]
[EventDate "2009.09.19"]
[Source "MonRoi"]

1. e4 c5 2. Nc3 Nc6 3. f4 e6 4. Nf3 d5 5. Bb5 Nge7 6. exd5 exd5 7. Qe2 g6 8.
Qe5 Rg8 9. Bxc6+ bxc6 10. O-O Bg7 11. Qe2 Qd6 12. b3 Qxf4 13. Ba3 Be6 14. Rae1
Nf5 15. Bxc5 Bf8 16. Na4 Bd6 17. Qa6 Kf8 18. Qxc6 Rc8 19. Bxd6+ Nxd6 20. Qa6
Kg7 21. Qxa7 Bf5 22. Nb6 Rxc2 1-0

[Event "Spice Cup 2009"]
[Site "Lubbock United States"]
[Date "2009.09.22"]
[Round "4"]
[White "Kuljasevic, Davorin"]
[Black "Rensch, Danniel"]
[Result "1/2-1/2"]
[WhiteElo "2547"]
[BlackElo "2388"]
[PlyCount "64"]
[EventDate "2009.09.19"]
[Source "MonRoi"]

1. d4 Nf6 2. c4 e6 3. Nf3 b6 4. g3 Bb7 5. Bg2 Be7 6. Nc3 O-O 7. Qc2 Na6 8. O-O
c5 9. d5 exd5 10. Nh4 Nb4 11. Qd1 Ne4 12. Nf5 d6 13. cxd5 Nxc3 14. bxc3 Bf6 15.
Bf4 Bxc3 16. a3 Qf6 17. Nxd6 Nxd5 18. Nxb7 Nxf4 19. gxf4 Bxa1 20. Qxa1 Qxf4 21.
a4 Rab8 22. Qa2 c4 23. Qa3 Qg4 24. Nd6 Qxe2 25. Rc1 Rbd8 26. Nxc4 Rd3 27. Qa1
Rfd8 28. Ne3 Rd2 29. Rf1 h6 30. Qc1 R2d4 31. Qc7 R4d7 32. Qg3 Qh5 1/2-1/2

[Event "Spice Cup 2009"]
[Site "Lubbock United States"]
[Date "2009.09.23"]
[Round "5"]
[White "Rensch, Danniel"]
[Black "Perelshteyn, Eugene"]
[Result "1/2-1/2"]
[WhiteElo "2388"]
[BlackElo "2542"]
[PlyCount "93"]
[EventDate "2009.09.19"]
[Source "MonRoi"]

1. e4 c6 2. d4 d5 3. exd5 cxd5 4. c4 Nf6 5. Nc3 Nc6 6. Bg5 Be6 7. a3 a6 8. Bxf6
exf6 9. Be2 Na5 10. c5 g5 11. Bd3 Nc6 12. Nge2 f5 13. Bc2 Bg7 14. f4 Qf6 15.
Ba4 h6 16. b4 O-O 17. Bxc6 bxc6 18. O-O Rfe8 19. Qd3 Bc8 20. a4 Ra7 21. b5 Rae7
22. bxc6 Qxc6 23. Rab1 Re3 24. Qd2 a5 25. Rb6 Qa8 26. Ng3 gxf4 27. Nh5 Ba6 28.
Nxg7 Kxg7 29. Nb5 Bxb5 30. axb5 Qd8 31. Rxf4 Qg5 32. Rf1 f4 33. Qf2 R8e4 34.
Rd6 Re2 35. Qf3 R2e3 36. Qf2 Re2 37. h4 Qg4 38. Qf3 Qxf3 39. gxf3 Rxd4 40. Rf2
Rd1+ 41. Kg2 Ree1 42. Kh3 h5 43. Rg2+ Kf8 44. Rf6 Rb1 45. Rxf4 Rxb5 46. Rc2 Re7
47. Rf5 1/2-1/2

[Event "Spice Cup 2009"]
[Site "Lubbock United States"]
[Date "2009.09.26"]
[Round "8"]
[White "Kuljasevic, Davorin"]
[Black "Ippolito, Dean"]
[Result "1/2-1/2"]
[WhiteElo "2547"]
[BlackElo "2459"]
[PlyCount "57"]
[EventDate "2009.09.19"]
[Source "MonRoi"]

1. d4 d5 2. c4 e6 3. Nc3 Be7 4. cxd5 exd5 5. Bf4 c6 6. Qc2 Bd6 7. Bxd6 Qxd6 8.
e3 Nf6 9. Bd3 O-O 10. Nf3 Re8 11. O-O Nbd7 12. Rae1 Nf8 13. Ne5 Ng4 14. f4 f6
15. Nxg4 Bxg4 16. Qf2 {Rd8 a3} Bh5 17. h3 a6 18. Na4 Bg6 19. f5 Bf7 20. Nc5 Re7
21. b4 {Rde8 Re2} Qc7 22. Rc1 Nd7 23. a4 Nxc5 24. Rxc5 b6 {Rc1 Qd6} 25. Qe1 b5
26. a5 Bh5 27. g4 Bf7 {Rc5 h5} 28. Qf2 Kf8 {Kf1 Rc8 Ke1 Ke8 Kd2 Kd7} 29. Qg2
1/2-1/2

[Event "Spice Cup 2009"]
[Site "Lubbock United States"]
[Date "2009.09.26"]
[Round "8"]
[White "Papp, Gabor"]
[Black "Antal, Gergely"]
[Result "1-0"]
[WhiteElo "2562"]
[BlackElo "2486"]
[PlyCount "83"]
[EventDate "2009.09.19"]
[Source "MonRoi"]

1. e4 c5 2. Nf3 e6 3. d4 cxd4 4. Nxd4 Nf6 5. Nc3 d6 6. Be3 Nc6 7. f3 Be7 8. Qd2
O-O 9. O-O-O d5 10. Be2 dxe4 11. Nxc6 bxc6 12. Qxd8 Rxd8 13. Nxe4 Nxe4 14. fxe4
Kf8 15. e5 Bb7 16. Bf3 Ke8 17. a3 a6 18. c4 Rab8 19. Rxd8+ Bxd8 20. Bc5 Be7 21.
Bxe7 Kxe7 22. c5 f6 23. Re1 Rd8 24. Kc2 a5 25. b4 axb4 26. axb4 Ra8 27. Kb2
fxe5 28. Rxe5 Ra4 29. Re4 Ra8 30. Rd4 Ra4 31. Kb3 Ra1 32. Rd6 e5 33. Bxc6 Bxc6
34. Rxc6 e4 35. Rd6 Rb1+ 36. Kc4 Rb2 37. Rd4 Re2 38. c6 e3 39. b5 Rc2+ 40. Kd3
Rc5 41. Rd7+ Ke6 42. Rb7 1-0

[Event "Spice Cup 2009"]
[Site "Lubbock United States"]
[Date "2009.09.26"]
[Round "9"]
[White "Antal, Gergely"]
[Black "Kuljasevic, Davorin"]
[Result "1/2-1/2"]
[WhiteElo "2486"]
[BlackElo "2547"]
[PlyCount "28"]
[EventDate "2009.09.19"]
[Source "MonRoi"]

1. e4 c5 2. Nf3 Nc6 3. d4 cxd4 4. Nxd4 Nf6 5. Nc3 e5 6. Ndb5 d6 7. Nd5 Nxd5 8.
exd5 Nb8 9. c4 Be7 10. Be2 O-O 11. O-O a6 12. Nc3 f5 13. Kh1 Nd7 14. f3 Bg5
1/2-1/2